02508nam a2200373 i 4500001000200000003000400002005001700006007000300023008004000026020001500066040003000081082003100111100004500142245005700187250003500244264004500279300003300324336002700357337003300384338002800417500008200445500007100527500009600598504003900694505088900733590002601622650005301648650005901701910004501760942001401805952014601819952015201965999001702117 OSt20240620105440.0ta091117s2002 dr 000 0 spa d z8489525234 aDO-SdBNPbspacBNPHUerda 4a349.7293bV422h, 20042221 aVega B., Wenceslao,d1932-938670eautor10aHistoria del derecho dominicano /cWenceslao Vega B. a4a. ed. actualizada hasta 2002 aSanto Domingo :bAmigo del Hogar,c2002. axiv, 471 páginas ;c23 cm. 2rdacontentatextobtxt 2rdamediaasin mediaciónbn 2rdacarrieravolumenbnc a La biblioteca posee la segunda reimpresión de la cuarta edición del 2004 aIncluye datos biográficos del autor en la solapa de la cubierta. aIncluye referencias bibliográficas y notas al pie de las páginas e índice analítico aBibliografía : páginas 435-4400 aAntecedentes --tEl derecho castellano a fines del siglo XV --tEl derecho en la sociedad Taína en la Española --tEl derecho al descubrimiento --tEl primer derecho en la Isla Española --tLos primeros experimentos jurídicos --tEl derecho indiano dominicano --tEl derecho en los últimos años de la colonia Española --tLa ocupación francesa --tEl segundo período español (1809-1821) --tLa primera independencia --t1822-1844 --tEl período haitiano --t1844-1861--tEl primer derecho dominicano --t1861-1865 --tAnexión a España --t1865-1899 --t1900-1916 --t1916-1924 --tLa intervención militar norteamericana 1916-1924 --t1924-1930 --tGobierno de Vásquez --t19301961 --tLa Era de Trujillo --t1962-1994tEnsayos democráticost1996-2002 --tEl derecho dominicano para el nuevo milenio --t2002-2005 --tAdenda para el período 2002-2005. aInventariado, 2020/VM 4aDerechozRepública DominicanaxHistoria943316 4aDerecho civilzRepública DominicanaxHistoria943317 aVMateo /Validado. Control de calidad MFF 2ddccLBS1 00102ddc51708PDaBNPHUbBNPHUcHDd2020-11-23eDeposito Legal l0oBNPHU PD 349.7293 V422h, 2002p2020-0556r2020-11-23w2020-11-23yLBS1 00102ddc51708PDaBNPHUbBNPHUcHDd2020-11-23eDeposito Legal l0oBNPHU PD 349.7293 V422h, 2002p2020-0557r2020-11-23te. 2w2020-11-23yLBS1 c49179d49179